Année de création des réseaux sociaux - Statistiques

Statistiques générales
  • Ce quiz a été pris 104 fois
  • Le résultat moyen est 10 sur 10
Statistiques - réponses
Réseau Social Année de création % Correct
Messenger 2011
100%
Snapchat 2011
100%
iMessage 2011
100%
Facebook 2004
99%
Instagram 2010
99%
Pinterest 2010
99%
TikTok 2016
99%
Twitter / X 2006
98%
WhatsApp 2009
98%
LinkedIn 2002
95%
Aucun quiz correspondant
Distribution des résultats
% des personnes avec chaque résultat
Percentile par nombre de réponses
Votre historique - résultats
Vous n’avez pas pris ce quiz